|
|
|
|
| LEADER |
00000nam a2200000Ii 4500 |
| 001 |
DIGUAOCCTE0035 |
| 003 |
NyNyDIG |
| 006 |
m o d |
| 007 |
cr ||||||||||| |
| 008 |
211105s2011 ck o 000 0 spa d |
| 035 |
|
|
|a (OCoLC)1287827598
|
| 040 |
|
|
|a DGITA
|b eng
|e rda
|e pn
|c DGITA
|
| 020 |
|
|
|z 9789588713151
|
| 050 |
1 |
4 |
|a K201 ebook
|
| 100 |
1 |
|
|a Mejía Quintana, Óscar,
|d 1946-
|e author.
|
| 245 |
1 |
3 |
|a La norma básica fundamental :
|b derecho y democracia en Habermas /
|c Óscar Mejía Quintana.
|
| 250 |
|
|
|a Primera edición.
|
| 264 |
|
1 |
|a Santiago de Cali :
|b Universidad Autónoma de Occidente,
|c 2011.
|
| 300 |
|
|
|a 1 online resource.
|
| 336 |
|
|
|a text
|b txt
|2 rdacontent
|
| 337 |
|
|
|a computer
|b c
|2 rdamedia
|
| 338 |
|
|
|a online resource
|b cr
|2 rdacarrier
|
| 347 |
|
|
|a text file
|2 rdaft
|
| 347 |
|
|
|b PDF
|
| 490 |
0 |
|
|a Cuadernos de filosofía del derecho contemporáneo ;
|v 1
|
| 588 |
0 |
|
|a Online resource; title from PDF title page (Digitalia, viewed November 5, 2021)
|
| 600 |
1 |
0 |
|a Habermas, Jürgen
|x Criticism and interpretation.
|
| 650 |
|
0 |
|a Law
|x Philosophy.
|
| 655 |
|
0 |
|a Electronic books.
|
| 791 |
2 |
|
|a Digitalia (Firm),
|e distributor.
|
| 793 |
0 |
|
|g Digitalia eBook Collection:
|a Universidad Autónoma de Occidente
|
| 776 |
0 |
8 |
|i Print version:
|a Mejía Quintana, Óscar, 1956-
|t Norma básica fundamental.
|b Primera edición.
|d Santiago de Cali : Universidad Autónoma de Occidente, 2011
|z 9789588713151
|
| 830 |
|
0 |
|a Cuadernos de filosofia del derecho contemporaneo ;
|v 1.
|
| 856 |
4 |
0 |
|3 Digitalia Hispánica
|u https://www.digitaliapublishing.com/a/47663/
|
| 910 |
|
|
|a Premium collection: 2021
|